| 000 | 00695nas a2200241 4500 | ||
|---|---|---|---|
| 001 | BR8804941 | ||
| 003 | BR-BrBNA | ||
| 005 | 20231205091252.0 | ||
| 007 | ta | ||
| 008 | 230509b bl.|||p| |||| 00| 00por d | ||
| 040 |
_aBR-BrBNA _bpor _cBiblioteca Nacional de Agricultura |
||
| 041 | _a(Pt) | ||
| 072 | _aH01; L74 | ||
| 100 | 1 | _aAnon. | |
| 245 | 1 | _aIntoxicacoes: os riscos dos inseticidas, raticidas e herbicidas | |
| 650 | _aINSETICIDA | ||
| 650 | _aRATICIDA | ||
| 650 | _aHERBICIDA | ||
| 650 | _aINTOXICACAO ANIMAL | ||
| 773 | 0 |
_tBalde Branco (Brazil) _xISSN 0005-4275 _g(Apr 1988), v. 23(282) p. 22-24 _wBR8804941 |
|
| 909 |
_a202311 _bLúcia _c55 _dLúcia Elande |
||
| 942 |
_2AGRIS _n0 _cANA |
||
| 999 |
_c124015 _d124015 |
||